000 00239nam a2200121Ia 4500
100 _a#N/A
650 _aELECTRONICS
942 _cBK
654 _aelectronic
245 _aElectronic Projects Vol. 21
260 _b#N/A
546 _aENGLISH
999 _c22949
_d22949